Les Kwamis Chinois - Statistiques

Statistiques générales
  • Ce quiz a été pris 72 fois
  • Le résultat moyen est 14 sur 20
Statistiques - réponses
Bijou Animal Concept Kwami % Correct
Boucles d'Oreilles Coccinelle Création Tikki
100%
Bague Chat Noir Destruction Plagg
95%
Peigne Abeille Action Pollen
90%
Broche Médaillon Papillon Transmission Nooroo
88%
Montre de Poche Lapin Évolution Fluff
83%
Bracelet Ouroboros Serpent Intuition Sass
83%
Pendentif Renard Illusion Trixx
83%
Bracelet Tortue Protection Wayzz
78%
Lunettes Cheval Migration Kaalki
66%
Bracelet Panja Tigre Exaltation Roarr
63%
Pendentif Rat Multiplication Mullo
61%
Collier Chien Adoration Barkk
59%
Collier Ras-de-Cou Dragon Perfection Longg
59%
Diadème Singe Dérision Xuppu
59%
Broche Paon Émotion Duusu
56%
Anneau de Pouce Coq Prétention Orikko
56%
Bracelet de Cheville Cochon Jubilation Daizzi
54%
Anneau de Nez Buffle Détermination Stompp
54%
Barrettes Chèvre Passion Ziggy
51%
Boucles d'Oreilles + Bague Coccinelle + Chat Noir Réalité Gimmi
44%
Aucun quiz correspondant
Distribution des résultats
% des personnes avec chaque résultat
Percentile par nombre de réponses
Votre historique - résultats
Vous n’avez pas pris ce quiz